[Event "Pilsen Region-chT 2223"]
[Site "Czech Republic"]
[Date "2023.02.12"]
[Round "8.5"]
[White "Palkova, Hana"]
[Black "Hadac, Pavel"]
[Result "1/2-1/2"]
[WhiteElo "1882"]
[BlackElo "1710"]
[PlyCount "36"]
[EventDate "2022.10.09"]
[EventType "team-tourn"]
[EventRounds "11"]
[EventCountry "CZE"]
[SourceTitle "EXT 2024"]
[Source "ChessBase"]
[SourceDate "2023.10.10"]
[SourceVersion "1"]
[SourceVersionDate "2023.10.10"]
[SourceQuality "1"]
[WhiteTeam "Line IV"]
[BlackTeam "Plzen Kosutka"]
[WhiteTeamCountry "CZE"]
[BlackTeamCountry "CZE"]

1. d4 d5 2. c4 e6 3. Nc3 Nf6 4. Bg5 Nbd7 5. e3 c6 6. cxd5 exd5 7. Nf3 Be7 8. Bd3 h6 9. Bh4 0-0 10. 0-0 Qb6 11. Qc2 Re8 12. a3 Nf8 13. Ne5 Be6 14. Bg3 Nh5 15. Ne2 c5 16. dxc5 Bxc5 17. Nf3 Rac8 18. Qd2 Bg4 1/2-1/2

[Event "Marianske Lazne op Seniors"]
[Site "Marianske Lazne"]
[Date "2020.01.21"]
[Round "5"]
[White "Simecek, Jan"]
[Black "Palkova, Hana"]
[Result "1/2-1/2"]
[WhiteElo "1792"]
[BlackElo "1874"]
[PlyCount "34"]
[EventDate "2020.01.18"]
[EventType "swiss"]
[EventRounds "9"]
[EventCountry "CZE"]
[SourceTitle "EXT 2022"]
[Source "ChessBase"]
[SourceDate "2021.10.06"]
[SourceVersion "1"]
[SourceVersionDate "2021.10.06"]
[SourceQuality "1"]

1. d4 d5 2. c4 e6 3. Nc3 Nf6 4. Bg5 Nbd7 5. e3 c6 6. Nf3 Qa5 7. Bxf6 Nxf6 8. a3 Ne4 9. Rc1 Be7 10. Bd3 f5 11. Ne5 0-0 12. f3 Bh4+ 13. g3 Nxc3 14. Rxc3 Bf6 15. f4 Bxe5 16. fxe5 Bd7 17. 0-0 Rac8 1/2-1/2

[Event "Marianske Lazne op 16th"]
[Site "Marianske Lazne"]
[Date "2017.01.25"]
[Round "6"]
[White "Luberanski, Jakub"]
[Black "Palkova, Hana"]
[Result "1-0"]
[WhiteElo "1444"]
[BlackElo "1915"]
[PlyCount "43"]
[EventDate "2017.01.21"]
[EventType "swiss"]
[EventRounds "9"]
[EventCountry "CZE"]
[SourceTitle "CBM 176 Extra"]
[Source "ChessBase"]
[SourceDate "2017.03.02"]
[SourceVersion "1"]
[SourceVersionDate "2017.03.02"]
[SourceQuality "1"]

1. e4 c5 2. Nf3 e6 3. d4 cxd4 4. Nxd4 a6 5. Bd3 Nf6 6. 0-0 d6 7. c4 Be7 8. Nc3 Nbd7 9. Be3 Qc7 10. Rc1 0-0 11. f4 b6 12. g4 Nc5 13. g5 Ne8 14. Bb1 Bb7 15. f5 e5 16. Nf3 f6 17. Nd5 Qd8 18. g6 Bxd5 19. Qxd5+ Kh8 20. Nh4 Nc7 21. Qd1 h6 22. Qh5 1-0

[Event "Plzen op"]
[Site "Plzen"]
[Date "2012.08.24"]
[Round "8"]
[White "Palkova, Hana"]
[Black "Silhavy, Miroslav"]
[Result "1/2-1/2"]
[WhiteElo "1971"]
[BlackElo "1781"]
[PlyCount "34"]
[EventDate "2012.08.18"]
[EventType "swiss"]
[EventRounds "9"]
[EventCountry "CZE"]
[SourceTitle "CBM 150 Extra"]
[Source "ChessBase"]
[SourceDate "2012.10.19"]
[SourceVersion "1"]
[SourceVersionDate "2012.10.19"]
[SourceQuality "1"]

1. d4 d5 2. c4 c6 3. cxd5 cxd5 4. Nc3 Nf6 5. Bf4 a6 6. e3 e6 7. a3 Bd6 8. Bxd6 Qxd6 9. Nf3 Nc6 10. Bd3 0-0 11. 0-0 Nd7 12. Rc1 e5 13. dxe5 Ncxe5 14. Nxe5 Nxe5 15. Be2 Be6 16. b4 Rfd8 17. Qc2 Rac8 1/2-1/2

[Event "CZE-chT2A 0910"]
[Site "Czech Republic"]
[Date "2010.03.28"]
[Round "10.8"]
[White "Prasek, Vladimir"]
[Black "Palkova, Hana"]
[Result "0-1"]
[WhiteElo "1768"]
[BlackElo "1982"]
[PlyCount "128"]
[EventDate "2009.10.18"]
[EventType "team-tourn"]
[EventRounds "11"]
[EventCountry "CZE"]
[SourceTitle "EXT 2012"]
[Source "ChessBase"]
[SourceDate "2011.11.24"]
[SourceVersion "1"]
[SourceVersionDate "2011.11.24"]
[SourceQuality "1"]
[WhiteTeam "Zebrak"]
[BlackTeam "Plzen Sokol"]
[WhiteTeamCountry "CZE"]
[BlackTeamCountry "CZE"]

1. d4 d5 2. c4 e6 3. Nf3 c6 4. e3 Nf6 5. Nc3 Be7 6. Qc2 Nbd7 7. Bd3 a6 8. a4 Rb8 9. cxd5 exd5 10. 0-0 Bd6 11. e4 dxe4 12. Nxe4 Nxe4 13. Bxe4 Nf6 14. Bg5 h6 15. Bh4 g5 16. Bg3 0-0 17. Bxd6 Qxd6 18. Rad1 Be6 19. Rfe1 Qb4 20. Qd2 Qxd2 21. Rxd2 Rbd8 22. h3 Rd6 23. Bc2 Rfd8 24. Red1 Bd5 25. Ne5 Be4 26. Bb3 Bd5 27. Bc2 Be6 28. Nf3 Kg7 29. g4 Nd5 30. Bb3 Nf4 31. Bxe6 Rxe6 32. h4 Rd5 33. Kf1 Re4 34. hxg5 hxg5 35. Re1 Rxe1+ 36. Kxe1 f6 37. Nh2 Kf7 38. Nf1 Ne6 39. Ne3 Rxd4 40. Rxd4 Nxd4 41. Nc4 b5 42. axb5 axb5 43. Ne3 Ke6 44. Kd2 Ke5 45. Kd3 c5 46. Ng2 Ne6 47. Ke3 c4 48. Ne1 Nd4 49. Ng2 Ne6 50. Ne1 Nc5 51. Nf3+ Kd5 52. Ne1 b4 53. Nc2 Na6 54. f4 b3 55. Na3 Nc5 56. fxg5 fxg5 57. Kd2 Ne4+ 58. Ke3 Nf6 59. Kf3 Kd4 60. Nb5+ Kd3 61. Na3 Nd5 62. Nb5 c3 63. bxc3 b2 64. Na3 Nxc3 0-1

[Event "CZE-chT2A 0910"]
[Site "Czech Republic"]
[Date "2009.11.17"]
[Round "4.8"]
[White "Blecha, Milan"]
[Black "Palkova, Hana"]
[Result "1/2-1/2"]
[WhiteElo "2162"]
[BlackElo "1982"]
[PlyCount "90"]
[EventDate "2009.10.18"]
[EventType "team-tourn"]
[EventRounds "11"]
[EventCountry "CZE"]
[SourceTitle "EXT 2012"]
[Source "ChessBase"]
[SourceDate "2011.11.24"]
[SourceVersion "1"]
[SourceVersionDate "2011.11.24"]
[SourceQuality "1"]
[WhiteTeam "Plzen Letna"]
[BlackTeam "Plzen Sokol"]
[WhiteTeamCountry "CZE"]
[BlackTeamCountry "CZE"]

1. e4 c5 2. Nf3 e6 3. d4 cxd4 4. Nxd4 a6 5. Nc3 Qc7 6. Be2 Nf6 7. 0-0 Be7 8. Be3 d6 9. f4 Nbd7 10. Qe1 b5 11. a3 Bb7 12. Qg3 Nxe4 13. Nxe4 Bxe4 14. Qxg7 Bf6 15. Qh6 Qb7 16. Bf3 0-0-0 17. c4 Rhg8 18. Qh3 Bxf3 19. Rxf3 bxc4 20. Rc1 Qd5 21. Rd1 Nc5 22. Rff1 Nd3 23. Nf3 Bxb2 24. Qxh7 Rg7 25. Qh3 Rdg8 26. g3 Qe4 27. Bd2 Nxf4 28. Bxf4 Qxf4 29. Kh1 Qe4 30. Qg2 c3 31. Rd4 Qc6 32. Qe2 Rg4 33. Rxg4 Rxg4 34. Qc2 Re4 35. Kg2 Re3 36. Rf2 Re1 37. Qh7 Re3 38. Qg8+ Kb7 39. Qxf7+ Qc7 40. Qf4 Qc5 41. Nd4 Qd5+ 42. Kh3 Qh5+ 43. Kg2 Qd5+ 44. Kh3 Qh5+ 45. Kg2 Qd5+ 1/2-1/2

[Event "Jirasek Memorial op-A"]
[Site "Rakovnik"]
[Date "2009.08.09"]
[Round "3"]
[White "Palkova, Hana"]
[Black "Elias, Miroslav"]
[Result "0-1"]
[WhiteElo "1992"]
[BlackElo "2069"]
[PlyCount "78"]
[EventDate "2009.08.08"]
[EventType "swiss"]
[EventRounds "9"]
[EventCountry "CZE"]
[SourceTitle "EXT 2010"]
[Source "ChessBase"]
[SourceDate "2010.11.25"]
[SourceVersion "1"]
[SourceVersionDate "2010.11.25"]
[SourceQuality "1"]

1. d4 Nf6 2. Bf4 c5 3. c3 Qb6 4. Qb3 cxd4 5. Bxb8 Rxb8 6. Qxb6 axb6 7. cxd4 d6 8. e3 Bd7 9. Nc3 g6 10. Bb5 Bg7 11. Nf3 0-0 12. 0-0 Bc6 13. Rfd1 Ne4 14. Bxc6 Nxc3 15. bxc3 bxc6 16. c4 h6 17. Rab1 Rb7 18. Rd2 Ra8 19. g3 Ra4 20. Rc2 e5 21. c5 dxc5 22. dxc5 b5 23. Rd1 Rba7 24. Rd8+ Kh7 25. Rc8 Rc4 26. Rd2 Rxc5 27. Kg2 b4 28. Rb8 Rc4 29. h4 c5 30. h5 g5 31. Rb6 Rc3 32. Rc6 e4 33. Nh2 c4 34. Rdd6 Rd3 35. Ra6 c3 36. Rxh6+ Bxh6 37. Rxa7 c2 38. Ng4 c1Q 39. Rxf7+ Kh8 0-1

[Event "Jirasek Memorial op-A"]
[Site "Rakovnik"]
[Date "2009.08.09"]
[Round "2"]
[White "Palkova, Hana"]
[Black "Lexa, Vaclav"]
[Result "1-0"]
[WhiteElo "1992"]
[BlackElo "1895"]
[PlyCount "91"]
[EventDate "2009.08.08"]
[EventType "swiss"]
[EventRounds "9"]
[EventCountry "CZE"]
[SourceTitle "EXT 2010"]
[Source "ChessBase"]
[SourceDate "2010.11.25"]
[SourceVersion "1"]
[SourceVersionDate "2010.11.25"]
[SourceQuality "1"]

1. d4 d5 2. c4 e6 3. Nc3 Nf6 4. Bg5 Be7 5. e3 0-0 6. Nf3 c6 7. h3 Nbd7 8. a3 Re8 9. Bd3 dxc4 10. Bxc4 b5 11. Be2 a6 12. 0-0 Nd5 13. Bxe7 Qxe7 14. Rc1 Nxc3 15. Rxc3 c5 16. dxc5 Nxc5 17. Qc2 Na4 18. Rc7 Qf8 19. Rc1 f6 20. Nd4 Nb6 21. Bh5 Nd5 22. Bf7+ Kh8 23. Bxe8 Nxc7 24. Bc6 Rb8 25. Be4 Nd5 26. Bxd5 exd5 27. Qc5 Qxc5 28. Rxc5 Bb7 29. Rc7 Bc8 30. Re7 Kg8 31. Rc7 Ra8 32. Kh2 g6 33. Kg3 h5 34. f4 Kf8 35. Kf3 Kg8 36. g4 Kh8 37. Rf7 Kg8 38. Rxf6 Kg7 39. Rc6 hxg4+ 40. hxg4 Kf7 41. Rc7+ Kf8 42. Kg3 Kg8 43. Kh4 Kf8 44. Kg5 Rb8 45. Nc6 Ra8 46. Ne5 1-0

[Event "Jirasek Memorial op-A"]
[Site "Rakovnik"]
[Date "2009.08.08"]
[Round "1"]
[White "Palek, Miroslav"]
[Black "Palkova, Hana"]
[Result "1-0"]
[WhiteElo "2204"]
[BlackElo "1992"]
[PlyCount "73"]
[EventDate "2009.08.08"]
[EventType "swiss"]
[EventRounds "9"]
[EventCountry "CZE"]
[SourceTitle "EXT 2010"]
[Source "ChessBase"]
[SourceDate "2010.11.25"]
[SourceVersion "1"]
[SourceVersionDate "2010.11.25"]
[SourceQuality "1"]

1. e4 e6 2. d4 d5 3. Nc3 dxe4 4. Nxe4 Nf6 5. Bg5 Be7 6. Bxf6 gxf6 7. Nf3 b6 8. Bb5+ c6 9. Bd3 Bb7 10. Qe2 Qc7 11. Qe3 h5 12. 0-0-0 Nd7 13. Kb1 0-0-0 14. Qe2 Kb8 15. Ba6 Ba8 16. Rd3 e5 17. Ng3 Bd6 18. Rhd1 Rhe8 19. Re3 c5 20. dxc5 Nxc5 21. Rc3 Nxa6 22. Rxc7 Nxc7 23. Nxh5 e4 24. Nd4 Be5 25. c3 Bb7 26. g3 Rd6 27. Ng7 Red8 28. Ngf5 R6d7 29. h4 Ne6 30. h5 Ng5 31. h6 Nf3 32. Kc2 Rc8 33. Nb5 Rd3 34. Rxd3 exd3+ 35. Kxd3 Ba6 36. Qxf3 Bxb5+ 37. Kc2 1-0

[Event "CZE-chT2A 0809"]
[Site "Czech Republic"]
[Date "2008.12.07"]
[Round "4.8"]
[White "Palkova, Hana"]
[Black "Kubat, Miroslav"]
[Result "1/2-1/2"]
[WhiteElo "2002"]
[BlackElo "1950"]
[PlyCount "91"]
[EventDate "2008.10.12"]
[EventType "team-tourn"]
[EventRounds "11"]
[EventCountry "CZE"]
[SourceTitle "EXT 2010"]
[Source "ChessBase"]
[SourceDate "2010.11.25"]
[SourceVersion "1"]
[SourceVersionDate "2010.11.25"]
[SourceQuality "1"]
[WhiteTeam "Plzen Sokol II"]
[BlackTeam "Klatovy Sokol "]
[WhiteTeamCountry "CZE"]
[BlackTeamCountry "CZE"]

1. d4 f5 2. Nc3 d5 3. g3 Nf6 4. Bg5 e6 5. Bg2 Be7 6. e3 Na6 7. Nf3 0-0 8. 0-0 c5 9. Ne5 Qb6 10. b3 Bd6 11. Na4 Qc7 12. Bxf6 Rxf6 13. Nd3 Bd7 14. Naxc5 Nxc5 15. Nxc5 Bxc5 16. dxc5 Qxc5 17. c4 Bc6 18. cxd5 Rd8 19. Rc1 Qa3 20. Qc2 exd5 21. Rfd1 Qe7 22. Rd4 a6 23. Rcd1 Qf7 24. Bxd5 Bxd5 25. Rxd5 Rxd5 26. Qc8+ Qf8 27. Qxf8+ Kxf8 28. Rxd5 Ke7 29. Kf1 g6 30. Ke2 Ke6 31. Rd4 Rf7 32. h4 h5 33. Kf3 Ke5 34. Rd8 Re7 35. Ke2 Re6 36. Rd7 b5 37. Kd3 Rc6 38. Ra7 Rd6+ 39. Ke2 Rc6 40. Kf3 Re6 41. Rc7 Kd6 42. Rg7 Ke5 43. Ke2 Rc6 44. f4+ Kf6 45. Ra7 Rc2+ 46. Kd3 1/2-1/2

[Event "CZE-ch Juniors op-A"]
[Site "Zlate Hory"]
[Date "2006.03.16"]
[Round "7"]
[White "Palkova, Hana"]
[Black "Framberk, Jan"]
[Result "1/2-1/2"]
[WhiteElo "1899"]
[BlackElo "2011"]
[PlyCount "75"]
[EventDate "2006.03.11"]
[EventType "swiss"]
[EventRounds "9"]
[EventCountry "CZE"]
[SourceTitle "EXT 2008"]
[Source "ChessBase"]
[SourceDate "2007.11.25"]
[SourceVersion "1"]
[SourceVersionDate "2007.11.25"]
[SourceQuality "1"]

1. d4 Nf6 2. Nf3 g6 3. Bf4 Bg7 4. h3 0-0 5. e3 d6 6. Bc4 c5 7. c3 Bf5 8. Qb3 Qb6 9. Qxb6 axb6 10. Nbd2 d5 11. Be2 c4 12. 0-0 Nc6 13. Ne5 Nxe5 14. Bxe5 Nd7 15. Bxg7 Kxg7 16. f3 Be6 17. e4 b5 18. a3 Nb6 19. Rfc1 Rfc8 20. Nf1 dxe4 21. fxe4 f5 22. exf5 gxf5 23. Bf3 Bd5 24. Kf2 Kf6 25. Re1 Bxf3 26. Kxf3 Nd7 27. Ne3 e5 28. Nd5+ Ke6 29. Nf4+ Kf6 30. dxe5+ Nxe5+ 31. Kf2 Rd8 32. Rad1 Nd3+ 33. Nxd3 Rxd3 34. Rxd3 cxd3 35. Rd1 Rd8 36. Ke3 Rg8 37. Rd2 Ke5 38. Kxd3 1/2-1/2

[Event "CZE Juniorcentrum op-A"]
[Site "Sec u Chrudimi"]
[Date "2005.10.29"]
[Round "9"]
[White "Sulc, Jaromir"]
[Black "Palkova, Hana"]
[Result "1/2-1/2"]
[WhiteElo "2038"]
[BlackElo "2015"]
[PlyCount "37"]
[EventDate "2005.10.22"]
[EventType "swiss"]
[EventRounds "9"]
[EventCountry "CZE"]
[SourceTitle "EXT 2008"]
[Source "ChessBase"]
[SourceDate "2007.11.25"]
[SourceVersion "1"]
[SourceVersionDate "2007.11.25"]
[SourceQuality "1"]

1. e4 c5 2. d4 cxd4 3. c3 Nf6 4. e5 Nd5 5. Bc4 Nb6 6. Bb3 e6 7. Qxd4 d6 8. Nf3 Nc6 9. Qe4 dxe5 10. Nxe5 Nxe5 11. Qxe5 Qd6 12. Bf4 Qxe5+ 13. Bxe5 Bd7 14. 0-0 Bc6 15. Nd2 Be7 16. Nc4 Nxc4 17. Bxc4 0-0 18. Bd4 Rfd8 19. f4 1/2-1/2

[Event "CZE Juniorcentrum op-A"]
[Site "Sec u Chrudimi"]
[Date "2005.10.25"]
[Round "5"]
[White "Sochorova, Jana"]
[Black "Palkova, Hana"]
[Result "1/2-1/2"]
[WhiteElo "1782"]
[BlackElo "2015"]
[PlyCount "47"]
[EventDate "2005.10.22"]
[EventType "swiss"]
[EventRounds "9"]
[EventCountry "CZE"]
[SourceTitle "EXT 2008"]
[Source "ChessBase"]
[SourceDate "2007.11.25"]
[SourceVersion "1"]
[SourceVersionDate "2007.11.25"]
[SourceQuality "1"]

1. Nf3 d5 2. b3 c5 3. e3 Nf6 4. Bb2 Nc6 5. Bb5 Bd7 6. Bxc6 Bxc6 7. 0-0 b6 8. d3 e6 9. Ne5 Bb7 10. Nd2 Qc7 11. f4 Bd6 12. Ndf3 h6 13. Qe2 Rg8 14. Nd2 Qe7 15. Nef3 Nh7 16. Rae1 0-0-0 17. a4 a5 18. d4 g5 19. fxg5 hxg5 20. Ne5 f6 21. Ng4 f5 22. Ne5 Qc7 23. Nb1 g4 24. Na3 1/2-1/2

[Event "CZE Juniorcentrum op-A"]
[Site "Sec u Chrudimi"]
[Date "2005.10.24"]
[Round "3"]
[White "Marik, Miloslav"]
[Black "Palkova, Hana"]
[Result "1/2-1/2"]
[WhiteElo "1866"]
[BlackElo "2015"]
[PlyCount "45"]
[EventDate "2005.10.22"]
[EventType "swiss"]
[EventRounds "9"]
[EventCountry "CZE"]
[SourceTitle "EXT 2008"]
[Source "ChessBase"]
[SourceDate "2007.11.25"]
[SourceVersion "1"]
[SourceVersionDate "2007.11.25"]
[SourceQuality "1"]

1. e4 c5 2. d4 cxd4 3. c3 Nf6 4. e5 Nd5 5. cxd4 e6 6. Bc4 Bb4+ 7. Bd2 Bxd2+ 8. Qxd2 Nb6 9. Bb3 d6 10. Nf3 Nc6 11. 0-0 dxe5 12. dxe5 Qxd2 13. Nbxd2 Nd7 14. Rfe1 a5 15. Rac1 a4 16. Bc4 Ra5 17. b3 Ndxe5 18. Nxe5 Rxe5 19. Rxe5 Nxe5 20. Bb5+ Kd8 21. Bxa4 Bd7 22. Bxd7 Kxd7 23. Nc4 1/2-1/2

[Event "CZE Juniorcentrum op-A"]
[Site "Sec u Chrudimi"]
[Date "2005.10.22"]
[Round "1"]
[White "Kubat, Miroslav"]
[Black "Palkova, Hana"]
[Result "1/2-1/2"]
[WhiteElo "1805"]
[BlackElo "2015"]
[PlyCount "51"]
[EventDate "2005.10.22"]
[EventType "swiss"]
[EventRounds "9"]
[EventCountry "CZE"]
[SourceTitle "EXT 2008"]
[Source "ChessBase"]
[SourceDate "2007.11.25"]
[SourceVersion "1"]
[SourceVersionDate "2007.11.25"]
[SourceQuality "1"]

1. d4 d5 2. Bg5 Nd7 3. Nf3 Ngf6 4. e3 e6 5. Bd3 Be7 6. Nbd2 0-0 7. 0-0 c5 8. c3 b6 9. e4 dxe4 10. Nxe4 Bb7 11. Nxf6+ Bxf6 12. Bxf6 Qxf6 13. Be2 Rfd8 14. Qc2 Rac8 15. dxc5 Nxc5 16. Rad1 Be4 17. Qc1 h6 18. Rxd8+ Rxd8 19. Rd1 Rd5 20. Rxd5 Bxd5 21. b3 Ne4 22. c4 Bb7 23. h3 Nc3 24. Qc2 Nxe2+ 25. Qxe2 Bxf3 26. gxf3 1/2-1/2

[Event "Klatovy op-A"]
[Site "Klatovy"]
[Date "2005.07.07"]
[Round "6"]
[White "Palkova, Hana"]
[Black "Cmiko, Jakub"]
[Result "0-1"]
[WhiteElo "2020"]
[BlackElo "2093"]
[PlyCount "92"]
[EventDate "2005.07.02"]
[EventType "swiss"]
[EventRounds "9"]
[EventCountry "CZE"]
[SourceTitle "CBM 107 Extra"]
[Source "ChessBase"]
[SourceDate "2005.09.01"]
[SourceVersion "1"]
[SourceVersionDate "2005.09.01"]
[SourceQuality "1"]

1. d4 Nf6 2. c4 e6 3. Nc3 Bb4 4. Bd2 b6 5. Nf3 Bb7 6. e3 0-0 7. Be2 d5 8. cxd5 exd5 9. Rc1 Nbd7 10. Nb5 Bxd2+ 11. Nxd2 c5 12. Nd6 Bc6 13. Nf5 Re8 14. 0-0 c4 15. Bf3 b5 16. b3 Qb6 17. Qc2 g6 18. Ng3 Rac8 19. Ne2 a5 20. h4 h5 21. Nf4 Kg7 22. Rfe1 Bb7 23. bxc4 dxc4 24. Bxb7 Qxb7 25. e4 c3 26. e5 Nd5 27. Ne4 Nxf4 28. g3 Ne6 29. Nd6 Qd5 30. Nxe8+ Rxe8 31. Qxc3 b4 32. Qb2 Qxd4 33. Qxd4 Nxd4 34. Re4 Nb5 35. f4 Nc3 36. Re3 Nb6 37. Kg2 Nxa2 38. Rc5 Nc3 39. Re1 a4 40. Rc7 Nbd5 41. Rb7 Re7 42. Rb8 a3 43. Kf3 a2 44. Ra1 Ra7 45. g4 hxg4+ 46. Kxg4 Ne3+ 0-1

[Event "Klatovy op-A"]
[Site "Klatovy"]
[Date "2005.07.05"]
[Round "4"]
[White "Palkova, Hana"]
[Black "Kupilik, Jiri"]
[Result "1-0"]
[WhiteElo "2020"]
[BlackElo "1936"]
[PlyCount "41"]
[EventDate "2005.07.02"]
[EventType "swiss"]
[EventRounds "9"]
[EventCountry "CZE"]
[SourceTitle "CBM 107 Extra"]
[Source "ChessBase"]
[SourceDate "2005.09.01"]
[SourceVersion "1"]
[SourceVersionDate "2005.09.01"]
[SourceQuality "1"]

1. d4 Nf6 2. c4 e6 3. Nc3 b6 4. Bf4 Bb7 5. e3 Ne4 6. Nxe4 Bxe4 7. a3 d5 8. Nf3 Bd6 9. Bxd6 Qxd6 10. Rc1 0-0 11. cxd5 exd5 12. Bd3 Nd7 13. Bxe4 dxe4 14. Nd2 f5 15. b4 f4 16. exf4 Qxf4 17. Qb3+ Kh8 18. Qe3 Qg4 19. 0-0 Nf6 20. Qg3 Qd7 21. Rxc7 1-0

[Event "Volyne op-A"]
[Site "Volyne"]
[Date "2003.??.??"]
[Round "?"]
[White "Burgermeister, Michal"]
[Black "Palkova, Hana"]
[Result "1/2-1/2"]
[WhiteElo "1854"]
[BlackElo "2028"]
[PlyCount "33"]
[EventDate "2003.??.??"]
[EventType "swiss"]
[EventRounds "9"]
[EventCountry "CZE"]
[SourceTitle "EXT 2005"]
[Source "ChessBase"]
[SourceDate "2004.11.15"]
[SourceVersion "1"]
[SourceVersionDate "2004.11.15"]
[SourceQuality "1"]

1. e4 c5 2. Nc3 e6 3. g3 g6 4. Bg2 Bg7 5. d3 Nc6 6. Nge2 Nge7 7. 0-0 Rb8 8. f4 d6 9. h3 Nd4 10. g4 f5 11. Ng3 b5 12. Nce2 Kd7 13. c3 Nxe2+ 14. Qxe2 Qe8 15. exf5 gxf5 16. Re1 Qf7 17. a4 1/2-1/2

[Event "Volyne op-A"]
[Site "Volyne"]
[Date "2003.??.??"]
[Round "?"]
[White "Palkova, Hana"]
[Black "Fryc, Miroslav"]
[Result "0-1"]
[WhiteElo "2028"]
[BlackElo "2141"]
[PlyCount "40"]
[EventDate "2003.??.??"]
[EventType "swiss"]
[EventRounds "9"]
[EventCountry "CZE"]
[SourceTitle "EXT 2005"]
[Source "ChessBase"]
[SourceDate "2004.11.15"]
[SourceVersion "1"]
[SourceVersionDate "2004.11.15"]
[SourceQuality "1"]

1. d4 Nf6 2. c4 g6 3. Nc3 Bg7 4. e4 d6 5. f3 0-0 6. Be3 Nbd7 7. Qd2 a6 8. g4 c5 9. d5 Ne5 10. h3 b5 11. cxb5 axb5 12. Nxb5 Ba6 13. h4 Nxf3+ 14. Nxf3 Nxe4 15. Qd3 Ng3 16. a4 Nxh1 17. Bf4 Qd7 18. Qe3 Qxg4 19. Be2 Ng3 20. Bxg3 Qxg3+ 0-1

[Event "Volyne op-A"]
[Site "Volyne"]
[Date "2003.??.??"]
[Round "?"]
[White "Palkova, Hana"]
[Black "Jancarik, Antonin"]
[Result "1/2-1/2"]
[WhiteElo "2028"]
[BlackElo "1960"]
[PlyCount "63"]
[EventDate "2003.??.??"]
[EventType "swiss"]
[EventRounds "9"]
[EventCountry "CZE"]
[SourceTitle "EXT 2005"]
[Source "ChessBase"]
[SourceDate "2004.11.15"]
[SourceVersion "1"]
[SourceVersionDate "2004.11.15"]
[SourceQuality "1"]

1. d4 c5 2. c3 e6 3. Nf3 d5 4. Bf4 Nc6 5. e3 a6 6. Nbd2 Nf6 7. h3 Be7 8. Bd3 Nd7 9. 0-0 Bf6 10. Bc2 0-0 11. Bd6 Be7 12. dxc5 Bxd6 13. cxd6 Nf6 14. e4 Qxd6 15. exd5 Qxd5 16. Nb3 b6 17. Qxd5 Nxd5 18. Be4 Bb7 19. Rfd1 Nf6 20. Bxc6 Bxc6 21. Ne5 Be4 22. Rd6 Rab8 23. Rad1 h6 24. f3 Bc2 25. R1d4 a5 26. Nd2 Rfc8 27. Nd7 Nxd7 28. Rxd7 e5 29. R4d5 Bf5 30. Re7 Be6 31. Rxe5 Bxa2 32. Kf2 1/2-1/2

[Event "Volyne op-A"]
[Site "Volyne"]
[Date "2003.??.??"]
[Round "?"]
[White "Palkova, Hana"]
[Black "Kovar, Petr"]
[Result "1/2-1/2"]
[WhiteElo "1953"]
[BlackElo "1860"]
[PlyCount "84"]
[EventDate "2003.??.??"]
[EventType "swiss"]
[EventRounds "9"]
[EventCountry "CZE"]
[SourceTitle "EXT 2005"]
[Source "ChessBase"]
[SourceDate "2004.11.15"]
[SourceVersion "1"]
[SourceVersionDate "2004.11.15"]
[SourceQuality "1"]

1. d4 Nf6 2. c4 g6 3. Nc3 d5 4. cxd5 Nxd5 5. e4 Nxc3 6. bxc3 Bg7 7. Bc4 c5 8. Be3 0-0 9. Ne2 Nc6 10. 0-0 Qa5 11. Qb3 cxd4 12. cxd4 Qb4 13. Rab1 Qxb3 14. axb3 Rd8 15. Rfd1 b6 16. Bd5 Bb7 17. Rdc1 Rac8 18. Ra1 e6 19. Bxc6 Rxc6 20. Rxc6 Bxc6 21. f3 a5 22. Rc1 Bb5 23. Nc3 Ba6 24. d5 Rc8 25. Na2 Rxc1+ 26. Nxc1 exd5 27. exd5 b5 28. d6 Bc8 29. Bc5 a4 30. bxa4 bxa4 31. Ba3 f5 32. Nd3 Kf7 33. Nc5 Bd4+ 34. Kf1 Bxc5 35. Bxc5 Ke6 36. Ke2 Kd5 37. Ba3 Kc4 38. Kd2 Kb3 39. Bc5 a3 40. Bd4 Kc4 41. Be5 Kd5 42. f4 a2 1/2-1/2

[Event "Plzen op-A"]
[Site "Plzen"]
[Date "2001.??.??"]
[Round "2"]
[White "Krejci, Jan"]
[Black "Palkova, Hana"]
[Result "1-0"]
[WhiteElo "2095"]
[BlackElo "1965"]
[PlyCount "55"]
[EventDate "2001.??.??"]
[EventType "swiss"]
[EventRounds "9"]
[EventCountry "CZE"]
[SourceTitle "EXT 2003"]
[Source "ChessBase"]
[SourceDate "2002.11.25"]
[SourceVersion "1"]
[SourceVersionDate "2002.11.25"]
[SourceQuality "1"]

1. Nf3 Nf6 2. c4 c5 3. g3 g6 4. Bg2 Bg7 5. 0-0 0-0 6. Nc3 e6 7. d4 Qe7 8. Nb5 d6 9. dxc5 dxc5 10. Bf4 Rd8 11. Bd6 Rxd6 12. Qxd6 Qxd6 13. Nxd6 Nc6 14. Ng5 Nd7 15. Rad1 Nde5 16. b3 f6 17. Nxc8 fxg5 18. Nd6 Nd4 19. e3 Ne2+ 20. Kh1 g4 21. Nxb7 Nc3 22. Rd8+ Rxd8 23. Nxd8 Nf3 24. Nxe6 Bf6 25. Nxc5 Nxa2 26. Ne4 Bg7 27. Bxf3 gxf3 28. Nd2 1-0